[Event "2nd American Continental"]
[Site "Buenos Aires ARG"]
[Date "2003.08.22"]
[Round "5"]
[White "Spangenberg, Hugo"]
[Black "Llanos, Guillermo"]
[Result "1-0"]
[WhiteElo "2495"]
[BlackElo "2398"]
[EventDate "2003.08.17"]
[PlyCount "37"]

1.e4 d5 2.exd5 Nf6 3.d4 Bg4 4.Nf3 Qxd5 5.Be2 Nc6 6.h3 Bxf3 7.Bxf3 Qd7 8.c3
O-O-O 9.Qb3 e5 10.dxe5 Qd3 11.exf6 Bc5 12.Nd2 Na5 13.Qa4 Rhe8+ 14.Kd1 Nc4 
15.Qc2 Qd6 16.Qb3 Na5 17.Qb5 Bxf2 18.Qxa5 Bg3 19.Qb4 1-0

[Event "2nd American Continental"]
[Site "Buenos Aires ARG"]
[Date "2003.08.22"]
[Round "5"]
[White "Szmetan, Ricardo"]
[Black "Delgado, Alberto"]
[Result "1-0"]
[WhiteElo "2288"]
[BlackElo "2310"]
[EventDate "2003.08.17"]
[PlyCount "111"]

1.d4 Nf6 2.Nf3 g6 3.g3 Bg7 4.Bg2 O-O 5.O-O d6 6.c4 Nc6 7.d5 Na5 8.Qa4 c5 
9.Bd2 b6 10.Bc3 Bd7 11.Qc2 b5 12.cxb5 a6 13.b6 Qxb6 14.e4 Rab8 15.Nbd2 
Rfc8 16.b3 Bb5 17.Rfe1 Ng4 18.Bxg7 Kxg7 19.h3 Nf6 20.Rab1 c4 21.b4 Nb7 22.
a4 c3 23.axb5 cxd2 24.Qxd2 axb5 25.e5 dxe5 26.Nxe5 Qd6 27.Rbd1 Nd8 28.Nc6 
Nxc6 29.dxc6 Qxd2 30.Rxd2 e6 31.Rc1 Rc7 32.Rc5 Kf8 33.f4 h5 34.Bf3 Ke7 35.
g4 hxg4 36.hxg4 Rb6 37.f5 gxf5 38.gxf5 Nd5 39.Bxd5 exd5 40.Rdxd5 Rbxc6 41.
Rxc6 Rxc6 42.Rxb5 Kf6 43.Kf2 Rc3 44.Rd5 Kg5 45.Ke2 f6 46.b5 Kf4 47.Kd2 Rb3
48.Kc2 Rb4 49.Kc3 Rb1 50.Kd4 Rb2 51.Kc5 Ke4 52.Kc6 Rb1 53.Rc5 Kd4 54.b6 
Rb2 55.Rb5 Rc2+ 56.Kd7 1-0

[Event "2nd American Continental"]
[Site "Buenos Aires ARG"]
[Date "2003.08.22"]
[Round "5"]
[White "Tempone, Marcelo"]
[Black "Franco Ocampos, Zenon"]
[Result "1/2-1/2"]
[WhiteElo "2437"]
[BlackElo "2520"]
[EventDate "2003.08.17"]
[PlyCount "21"]

1.c4 e5 2.g3 Nf6 3.Bg2 c6 4.d4 Bb4+ 5.Bd2 Bxd2+ 6.Qxd2 d6 7.Nc3 O-O 8.e3 
Re8 9.Nge2 Nbd7 10.O-O Nf8 11.b4 1/2-1/2

[Event "2nd American Continental"]
[Site "Buenos Aires ARG"]
[Date "2003.08.22"]
[Round "5"]
[White "Toloza Soto, Pablo"]
[Black "Lo Presti, Roberto"]
[Result "1-0"]
[WhiteElo "2374"]
[BlackElo "2042"]
[EventDate "2003.08.17"]
[PlyCount "79"]

1.e4 e6 2.d4 d5 3.Nd2 c5 4.exd5 exd5 5.Ngf3 Nf6 6.Bb5+ Bd7 7.Bxd7+ Nbxd7 
8.O-O Be7 9.dxc5 Nxc5 10.Nd4 Qd7 11.N2f3 O-O 12.Ne5 Qc8 13.Qf3 Bd6 14.Nf5 
Qe6 15.Nxd6 Qxd6 16.Bf4 Ne6 17.Bg3 Qb4 18.Nd3 Qc4 19.Rfc1 Nd4 20.Qd1 Rfe8 
21.Be5 Rxe5 22.Nxe5 Ne2+ 23.Kh1 Ne4 24.Qf1 Qd4 25.Nd3 Nxc1 26.Rxc1 Re8 27.
Re1 Re6 28.Re2 Rh6 29.Qe1 g6 30.f3 Nd6 31.Qd2 Nf5 32.Re8+ Kg7 33.Qe1 Qf6 
34.Qe5 Qxe5 35.Rxe5 d4 36.Kg1 Kf6 37.Rc5 g5 38.Nf2 Rg6 39.Ng4+ Ke6 40.Re5+
1-0

[Event "2nd American Continental"]
[Site "Buenos Aires ARG"]
[Date "2003.08.22"]
[Round "5"]
[White "Ustariz, Carlos"]
[Black "Varela, Daniel"]
[Result "0-1"]
[WhiteElo "2130"]
[BlackElo "2164"]
[EventDate "2003.08.17"]
[PlyCount "62"]

1.d4 d5 2.c4 e6 3.Nc3 c5 4.e3 Nf6 5.Nf3 Nc6 6.cxd5 exd5 7.dxc5 Bxc5 8.Be2 
O-O 9.O-O a6 10.a3 Re8 11.Nd4 Qd6 12.b4 Nxd4 13.exd4 Ba7 14.Be3 Bf5 15.Rc1
Rad8 16.Bf3 Ne4 17.Ne2 h6 18.Bf4 Qe6 19.Re1 g5 20.Bc7 Rd7 21.Ng3 Bg6 22.
Bg4 f5 23.Bxf5 Bxf5 24.f3 Qf6 25.Nxf5 Qxf5 26.fxe4 dxe4 27.Qb3+ Qd5 28.Qh3
Bxd4+ 29.Kh1 Bg7 30.Qh5 Qf7 31.Qxf7+ Kxf7 0-1

[Event "2nd American Continental"]
[Site "Buenos Aires ARG"]
[Date "2003.08.22"]
[Round "5"]
[White "Vera Insfran, Jorge"]
[Black "Pedro, Fernando"]
[Result "1-0"]
[WhiteElo "2189"]
[BlackElo "2273"]
[EventDate "2003.08.17"]
[PlyCount "61"]

1.d4 f5 2.Nc3 d5 3.Bg5 g6 4.e3 Nh6 5.Nf3 Nf7 6.Bf4 Bg7 7.h4 e6 8.Nb5 Na6 
9.c4 c6 10.Nc3 Nb8 11.g4 fxg4 12.Ne5 Nxe5 13.dxe5 Qc7 14.Qxg4 Bxe5 15.h5 
Bxc3+ 16.bxc3 e5 17.Bxe5 Bxg4 18.Bxc7 Bxh5 19.cxd5 cxd5 20.Rb1 Nd7 21.Rxb7
d4 22.Rxh5 gxh5 23.Bb5 dxe3 24.Be5 exf2+ 25.Kf1 Ke7 26.Bxh8 Rxh8 27.Rxa7 
Kd6 28.Rxd7+ Ke5 29.a4 Rf8 30.Rxh7 Rf5 31.Be2 1-0

[Event "2nd American Continental"]
[Site "Buenos Aires ARG"]
[Date "2003.08.22"]
[Round "5"]
[White "Zambrana, Oswaldo"]
[Black "Mieles Palau, Daniel"]
[Result "1-0"]
[WhiteElo "2404"]
[BlackElo "2468"]
[EventDate "2003.08.17"]
[PlyCount "69"]

1.e4 c5 2.Nf3 Nc6 3.d4 cxd4 4.Nxd4 Nf6 5.Nc3 e5 6.Ndb5 d6 7.Bg5 a6 8.Na3 
b5 9.Bxf6 gxf6 10.Nd5 f5 11.Bd3 Be6 12.O-O Bg7 13.Qh5 f4 14.c4 b4 15.Nc2 
Rb8 16.b3 O-O 17.a3 bxa3 18.b4 h6 19.Rxa3 Bxd5 20.exd5 Nxb4 21.Nxb4 Rxb4 
22.Rxa6 Rb6 23.Qf5 Re8 24.Rxb6 Qxb6 25.Rb1 Qa7 26.g3 fxg3 27.hxg3 Rb8 28.
Rb5 Rxb5 29.cxb5 Qd4 30.Qc8+ Bf8 31.Bc2 Qc5 32.Qc6 Qb4 33.b6 Qe1+ 34.Kg2 
e4 35.Qe8 1-0

[Event "2nd American Continental"]
[Site "Buenos Aires ARG"]
[Date "2003.08.23"]
[Round "6"]
[White "Aguilar, Mauricio"]
[Black "Campitelli, Guillermo"]
[Result "1-0"]
[WhiteElo "2133"]
[BlackElo "2190"]
[EventDate "2003.08.17"]
[PlyCount "67"]

1.e4 c5 2.Nf3 Nc6 3.d4 cxd4 4.Nxd4 g6 5.Nc3 Bg7 6.Be3 Nf6 7.Bc4 O-O 8.Bb3 
Qa5 9.O-O d6 10.f3 Bd7 11.Kh1 Nxd4 12.Bxd4 Bc6 13.Qd2 a6 14.Rad1 Qc7 15.
Rfe1 b5 16.Be3 Nd7 17.Bh6 Rad8 18.Bxg7 Kxg7 19.Bd5 Nb6 20.Re2 e6 21.Qd4+ 
f6 22.Bxe6 Rfe8 23.Bd5 Bxd5 24.Nxd5 Nxd5 25.Qxd5 Re5 26.Qd4 Rc5 27.c3 Rc4 
28.Qe3 b4 29.cxb4 Rxb4 30.h3 Rc4 31.Red2 g5 32.Rd5 Rc2 33.Qd4 Re2 34.Rxg5+
1-0

[Event "2nd American Continental"]
[Site "Buenos Aires ARG"]
[Date "2003.08.23"]
[Round "6"]
[White "Bibiloni, Jorge Jaime"]
[Black "Claverie, Raul"]
[Result "1/2-1/2"]
[WhiteElo "2203"]
[BlackElo "2303"]
[EventDate "2003.08.17"]
[PlyCount "100"]

1.e4 e6 2.d4 d5 3.exd5 exd5 4.Nf3 Nc6 5.Nc3 Nf6 6.Bb5 a6 7.Bxc6+ bxc6 8.
O-O Be7 9.Ne5 Bb7 10.Be3 O-O 11.b3 Ne4 12.Nxe4 dxe4 13.Qd2 Qd5 14.Rad1 f6 
15.Nc4 a5 16.Bf4 Bd8 17.Rfe1 Bc8 18.h3 g5 19.Bh2 Bd7 20.a4 Be8 21.Ne3 Qd7 
22.d5 f5 23.Qc3 Bh5 24.dxc6 Qe6 25.Rd7 Bf6 26.Qc4 Bf7 27.Nd5 Rad8 28.Nxf6+
Qxf6 29.Qc5 f4 30.Qxa5 Rde8 31.h4 Re5 32.Qxc7 g4 33.Qd6 Be6 34.c7 g3 35.
fxg3 Rd5 36.Qxd5 Bxd5 37.Rxd5 f3 38.gxf3 Qxf3 39.Rd2 Qc3 40.Rde2 Qxc7 41.
Kg2 Qc3 42.Rxe4 Qxc2+ 43.Kh3 Qxb3 44.Bg1 h5 45.Re5 Qf7 46.Rg5+ Kh7 47.Ree5
Qf1+ 48.Kh2 Rf2+ 49.Bxf2 Qxf2+ 50.Kh1 Qf1+ 1/2-1/2

[Event "2nd American Continental"]
[Site "Buenos Aires ARG"]
[Date "2003.08.23"]
[Round "6"]
[White "Bielicki, Carlos"]
[Black "Chtcherbine, Andrei"]
[Result "1/2-1/2"]
[WhiteElo "2289"]
[BlackElo "2156"]
[EventDate "2003.08.17"]
[PlyCount "60"]

1.Nf3 c5 2.c4 g6 3.g3 Bg7 4.Bg2 Nc6 5.Nc3 e6 6.O-O Nge7 7.d3 O-O 8.Bd2 d6 
9.Qc1 Nf5 10.Bg5 f6 11.Bd2 Rb8 12.Rb1 a6 13.a3 b5 14.cxb5 axb5 15.b4 c4 
16.dxc4 bxc4 17.e4 Nfd4 18.Nxd4 Nxd4 19.Be3 Nb3 20.Qc2 f5 21.Ne2 Ba6 22.
Nf4 Qe7 23.exf5 gxf5 24.Rfd1 Kh8 25.Nh5 d5 26.Nxg7 Qxg7 27.Rxb3 cxb3 28.
Qxb3 Bc4 29.Qc2 Rfd8 30.Bc5 Rbc8 1/2-1/2

[Event "2nd American Continental"]
[Site "Buenos Aires ARG"]
[Date "2003.08.23"]
[Round "6"]
[White "Bronstein, Luis Marcos"]
[Black "Caceres Vasquez, Sergio"]
[Result "1-0"]
[WhiteElo "2325"]
[BlackElo "2201"]
[EventDate "2003.08.17"]
[PlyCount "79"]

1.d4 Nf6 2.Nf3 e6 3.c4 c5 4.d5 exd5 5.cxd5 d6 6.e4 g6 7.Bd3 a6 8.O-O b5 9.
a4 b4 10.Nbd2 Bg7 11.Nc4 O-O 12.Bf4 Ne8 13.a5 f6 14.Nfd2 Qc7 15.Nb6 Ra7 
16.Ndc4 Bd7 17.Re1 Rf7 18.Bg3 Bb5 19.f4 Nd7 20.Qb3 Kh8 21.Rad1 Bxc4 22.
Nxc4 Re7 23.Bc2 Ra8 24.Qd3 Ra7 25.Ba4 Qc8 26.Bc6 Qb8 27.h4 Kg8 28.e5 fxe5 
29.fxe5 Nxe5 30.Nxe5 Bxe5 31.Bxe5 Rxe5 32.Rxe5 dxe5 33.d6 Nf6 34.d7 Qd8 
35.Qc4+ Kg7 36.Qxc5 Rc7 37.Qb6 Ng4 38.Qxc7 Qxc7 39.d8=Q Qa7+ 40.Qb6 1-0

[Event "2nd American Continental"]
[Site "Buenos Aires ARG"]
[Date "2003.08.23"]
[Round "6"]
[White "Cordero, Alfredo"]
[Black "Garcia Palermo, Carlos"]
[Result "0-1"]
[WhiteElo "2323"]
[BlackElo "2443"]
[EventDate "2003.08.17"]
[PlyCount "94"]

1.e4 c6 2.Nf3 d5 3.Nc3 Bg4 4.Be2 e6 5.O-O dxe4 6.Nxe4 Nd7 7.d3 Ngf6 8.Nfg5
Bf5 9.Ng3 Bg6 10.Nh3 Bd6 11.Bf4 Qc7 12.Bxd6 Qxd6 13.Qc1 O-O 14.Nf4 Rad8 
15.Re1 Nc5 16.Bf1 a5 17.Nxg6 hxg6 18.Qg5 b6 19.a3 Rfe8 20.b4 axb4 21.axb4 
Ncd7 22.Rab1 Ra8 23.Qc1 Ra2 24.Rb2 Ra3 25.c3 Rea8 26.Qd2 R8a7 27.h3 g5 28.
Qxg5 Rxc3 29.Qd2 Rca3 30.Reb1 Ra1 31.Qc1 Rxb1 32.Rxb1 Ra2 33.Qe3 Nd5 34.
Qg5 N7f6 35.b5 Nc3 36.Rc1 Nxb5 37.Rc4 Nd4 38.h4 b5 39.Rc1 Qd5 40.Qf4 Ra8 
41.h5 e5 42.Qg5 Ne6 43.Qf5 Ra4 44.h6 Rf4 45.Qh3 Qd4 46.Ne2 Qxf2+ 47.Kh2 
Rh4 0-1

[Event "2nd American Continental"]
[Site "Buenos Aires ARG"]
[Date "2003.08.23"]
[Round "6"]
[White "Crosa Coll, Martin"]
[Black "Restuccia, Francisco"]
[Result "1-0"]
[WhiteElo "2412"]
[BlackElo "2239"]
[EventDate "2003.08.17"]
[PlyCount "111"]

1.e4 e5 2.Nf3 Nc6 3.d4 exd4 4.Nxd4 Bc5 5.Nxc6 Qf6 6.Qd2 bxc6 7.Nc3 Ne7 8.
Na4 Bd6 9.f4 Ng6 10.e5 Bxe5 11.g3 Bd6 12.Be2 O-O 13.O-O Re8 14.b3 Qe7 15.
Bd3 Bc5+ 16.Nxc5 Qxc5+ 17.Rf2 d6 18.Bb2 Bd7 19.Rf1 a5 20.a4 Re7 21.h4 Rae8
22.Qc3 Qxc3 23.Bxc3 Ra8 24.h5 Nf8 25.f5 Re3 26.Kh2 c5 27.Rf4 d5 28.h6 d4 
29.Bd2 Rae8 30.Bxe3 Rxe3 31.Re4 Rxe4 32.Bxe4 gxh6 33.Bd3 Kg7 34.f6+ Kg8 
35.Bb5 Be6 36.Re1 Ng6 37.Bc4 Nf8 38.Kg2 h5 39.Re5 Bxc4 40.bxc4 Ne6 41.Rxh5
Kf8 42.Rxh7 Ke8 43.Rh8+ Kd7 44.Ra8 Ng5 45.Rxa5 Ne4 46.Kf3 Nd2+ 47.Kf4 Ke6 
48.Ra6+ Kd7 49.Ke5 Nxc4+ 50.Kd5 Ne3+ 51.Kxc5 Nxc2 52.Kc4 d3 53.Ra5 Ne1 54.
Rd5+ Ke6 55.Rxd3 Kxf6 56.a5 1-0

[Event "2nd American Continental"]
[Site "Buenos Aires ARG"]
[Date "2003.08.23"]
[Round "6"]
[White "Daneri, Martin"]
[Black "Lugo, Blas"]
[Result "0-1"]
[WhiteElo "2175"]
[BlackElo "2416"]
[EventDate "2003.08.17"]
[PlyCount "112"]

1.e4 e5 2.Nf3 Nc6 3.Nc3 Nf6 4.g3 Bc5 5.Bg2 d6 6.O-O h6 7.d3 Be6 8.Na4 Qd7 
9.Nxc5 dxc5 10.Be3 b6 11.Nh4 Ne7 12.Qe2 Bh3 13.f4 Bxg2 14.Kxg2 exf4 15.
Rxf4 O-O-O 16.Nf5 Nxf5 17.Rxf5 c4 18.Rd1 cxd3 19.cxd3 Qe6 20.a4 Rhe8 21.a5
Nd5 22.Rff1 Nxe3+ 23.Qxe3 f5 24.Rde1 fxe4 25.dxe4 Qe5 26.axb6 Qxb2+ 27.Re2
Qxb6 28.Qa3 Rd7 29.Rf3 Rd1 30.Rff2 Rd4 31.e5 Qc6+ 32.Kh3 Qe6+ 33.Kg2 Qd5+ 
34.Kh3 a5 35.Rf8 Qe6+ 36.Kg2 Qc6+ 37.Kh3 Rb4 38.Rf4 Qe6+ 39.Kg2 Qd5+ 40.
Kh3 Qe6+ 41.Kg2 Qd5+ 42.Kh3 Rxf4 43.gxf4 g5 44.f5 h5 45.Qe3 a4 46.f6 h4 
47.e6 Qf5+ 48.Kg2 Qxf6 49.e7 Qc6+ 50.Kf2 Qb6 51.Kf3 Qxe3+ 52.Rxe3 Kd7 53.
Kg4 Rxe7 54.Rd3+ Kc6 55.Kxg5 Re4 56.Kf5 Rc4 0-1

[Event "2nd American Continental"]
[Site "Buenos Aires ARG"]
[Date "2003.08.23"]
[Round "6"]
[White "Demaria, Juan Pablo"]
[Black "Alzate, Dario"]
[Result "0-1"]
[WhiteElo "2242"]
[BlackElo "2426"]
[EventDate "2003.08.17"]
[PlyCount "96"]

1.e4 c5 2.Nf3 e6 3.c3 Nf6 4.e5 Nd5 5.d4 cxd4 6.cxd4 d6 7.Nc3 Nxc3 8.bxc3 
Qc7 9.Bd2 Nd7 10.exd6 Bxd6 11.Bd3 b6 12.O-O Bb7 13.Re1 O-O 14.h3 Bf4 15.
Bxf4 Qxf4 16.Ne5 Nxe5 17.Rxe5 Rac8 18.Qe1 Rc7 19.a4 Rfc8 20.Ra3 a5 21.Rb3 
g6 22.Be4 Bxe4 23.Rxe4 Qd6 24.Re5 Rc4 25.Reb5 R8c6 26.Qa1 Qc7 27.d5 exd5 
28.Rxd5 Rxc3 29.Rb1 h5 30.Rbd1 Kh7 31.Qb2 Qf4 32.R5d4 Qf6 33.Qd2 Rc2 34.
Qe3 Re6 35.Rf4 Qe7 36.Qf3 Kg7 37.Kh2 Ree2 38.Rb1 h4 39.Qd5 Rcd2 40.Qf3 g5 
41.Rf5 f6 42.Qc3 Kg6 43.Rf3 Rxf2 44.Rxf2 Rxf2 45.Qd3+ Kh6 46.Rxb6 Qe5+ 47.
Kg1 Qe1+ 48.Kh2 Rf1 0-1

[Event "2nd American Continental"]
[Site "Buenos Aires ARG"]
[Date "2003.08.23"]
[Round "6"]
[White "Di Diego, Osvaldo"]
[Black "Ustariz, Carlos"]
[Result "1-0"]
[WhiteElo "2061"]
[BlackElo "2130"]
[EventDate "2003.08.17"]
[PlyCount "80"]

1.Nf3 d5 2.d4 e6 3.e3 c5 4.Nbd2 Nc6 5.b3 cxd4 6.exd4 Nf6 7.a3 Bd6 8.Bb2 
O-O 9.Bd3 Qc7 10.O-O b6 11.Re1 a5 12.Rc1 Ba6 13.c4 dxc4 14.bxc4 Rfd8 15.
Bb1 Rac8 16.d5 Ne7 17.Bxf6 gxf6 18.dxe6 Bxa3 19.Rc3 Bb5 20.exf7+ Kxf7 21.
Rce3 Bxc4 22.Qc2 Ng6 23.Nxc4 Kf8 24.Rc1 Qxc4 25.g3 Qxc2 26.Rxc2 Rd1+ 27.
Kg2 Bc5 28.Re1 Rxe1 29.Nxe1 Rd8 30.Re2 Rd1 31.Bc2 Rd7 32.Nd3 Bd4 33.h4 Ne5
34.Nf4 h6 35.Rd2 Ke7 36.Bb3 Ng4 37.Nd5+ Rxd5 38.Bxd5 Bc5 39.Bc6 Ne5 40.Bb5
Bb4 1-0

[Event "2nd American Continental"]
[Site "Buenos Aires ARG"]
[Date "2003.08.23"]
[Round "6"]
[White "Dobson Aguilar, Luis"]
[Black "Schneider, Dmitry"]
[Result "0-1"]
[WhiteElo "2330"]
[BlackElo "2425"]
[EventDate "2003.08.17"]
[PlyCount "46"]

1.e4 e5 2.Nf3 Nc6 3.c3 d5 4.Qa4 Bd7 5.exd5 Nd4 6.Qd1 Nxf3+ 7.Qxf3 Bd6 8.
Bc4 f5 9.d3 Nf6 10.Bg5 O-O 11.Nd2 b5 12.Bb3 Qe8 13.Bxf6 Rxf6 14.O-O a5 15.
a3 a4 16.Ba2 Qg6 17.Rfe1 Raf8 18.Qe2 Qh6 19.Nf1 Rg6 20.c4 f4 21.Qd2 Bh3 
22.g3 Bxf1 23.Rxf1 Qh3 0-1

[Event "2nd American Continental"]
[Site "Buenos Aires ARG"]
[Date "2003.08.23"]
[Round "6"]
[White "Dolezal, Cristian"]
[Black "Kaidanov, Gregory"]
[Result "0-1"]
[WhiteElo "2410"]
[BlackElo "2638"]
[EventDate "2003.08.17"]
[PlyCount "56"]

1.e4 e6 2.Nc3 d5 3.d4 Bb4 4.e5 Ne7 5.Bd2 b6 6.Nf3 c5 7.Nb5 Bxd2+ 8.Qxd2 
O-O 9.c3 Ba6 10.Be2 Nbc6 11.O-O Ng6 12.Qe3 Qe7 13.g3 f6 14.Rfe1 Rad8 15.
exf6 Qxf6 16.dxc5 bxc5 17.Qxc5 e5 18.Rad1 Nge7 19.Nh4 g5 20.Ng2 Kh8 21.a4 
d4 22.cxd4 exd4 23.h4 gxh4 24.Nxh4 Rg8 25.Ng2 Bb7 26.Qh5 a6 27.Na3 Ne5 28.
Qh4 Qc6 0-1

[Event "2nd American Continental"]
[Site "Buenos Aires ARG"]
[Date "2003.08.23"]
[Round "6"]
[White "Dominguez Perez, Leinier"]
[Black "Ramirez Alvarez, Alejandro"]
[Result "1-0"]
[WhiteElo "2610"]
[BlackElo "2450"]
[EventDate "2003.08.17"]
[PlyCount "87"]

1.e4 c5 2.Nf3 Nc6 3.d4 cxd4 4.Nxd4 Nf6 5.Nc3 e5 6.Ndb5 d6 7.Bg5 a6 8.Na3 
b5 9.Nd5 Be7 10.Bxf6 Bxf6 11.c3 O-O 12.Nc2 Bg5 13.a4 bxa4 14.Rxa4 a5 15.
Bc4 Rb8 16.b3 Kh8 17.O-O f5 18.exf5 Bxf5 19.Nce3 Bg6 20.Re1 e4 21.Nf1 Ne5 
22.Ng3 Bh4 23.Nxe4 Bxe4 24.Rxe4 Bxf2+ 25.Kh1 Qg5 26.Be2 Bc5 27.Rf4 Ng6 28.
Rf3 Rbe8 29.Rxf8+ Rxf8 30.Rxa5 Nh4 31.Bf3 Nxf3 32.gxf3 h6 33.Ra1 Rf5 34.f4
Qh4 35.Qd3 g6 36.Qe2 Kg7 37.c4 Rh5 38.Re1 Bd4 39.b4 Be5 40.fxe5 Rxe5 41.
Ne3 Qe4+ 42.Qg2 Qd3 43.Qb7+ Kg8 44.Rf1 1-0

[Event "2nd American Continental"]
[Site "Buenos Aires ARG"]
[Date "2003.08.23"]
[Round "6"]
[White "Santos, Francisco Jose dos"]
[Black "Fiori, Hector"]
[Result "0-1"]
[WhiteElo "2193"]
[BlackElo "2037"]
[EventDate "2003.08.17"]
[PlyCount "100"]

1.Nf3 c5 2.c4 e6 3.e4 Nc6 4.d4 cxd4 5.Nxd4 a6 6.Nc3 d6 7.g3 Be7 8.Bg2 Nf6 
9.O-O Qc7 10.Be3 Bd7 11.Rc1 Ne5 12.b3 Rc8 13.h3 Qb8 14.f4 Nc6 15.a4 O-O 
16.g4 g6 17.g5 Nh5 18.f5 Nxd4 19.Qxd4 Rfe8 20.fxg6 fxg6 21.e5 Ng3 22.exd6 
Bxd6 23.Ne4 Ne2+ 24.Kh1 Nxd4 25.Nf6+ Kg7 26.Bxd4 e5 27.Nxd7 Qc7 28.Bg1 
Qxd7 29.Rcd1 Qc7 30.Rf6 Rcd8 31.Rd5 Be7 32.Bb6 Qc8 33.Bxd8 Rxd8 34.Rxd8 
Qxd8 35.Rf1 Qd7 36.a5 Bxg5 37.b4 Qd3 38.c5 Bf4 39.Rf3 Qb1+ 40.Rf1 Qxb4 41.
c6 bxc6 42.Bxc6 Qxa5 43.Bg2 Qc3 44.Rb1 a5 45.Rb7+ Kh6 46.Rb1 Bc1 47.Bf1 
Qf3+ 48.Kh2 Bf4+ 49.Kg1 Be3+ 50.Kh2 Qf4+ 0-1

[Event "2nd American Continental"]
[Site "Buenos Aires ARG"]
[Date "2003.08.23"]
[Round "6"]
[White "Estrada Nieto, Julian"]
[Black "Escobedo Tinajero, Alberto"]
[Result "1/2-1/2"]
[WhiteElo "2332"]
[BlackElo "2405"]
[EventDate "2003.08.17"]
[PlyCount "119"]

1.e4 c6 2.d4 d5 3.Nd2 dxe4 4.Nxe4 Nd7 5.Ng5 Ngf6 6.Bd3 e6 7.N1f3 Bd6 8.Qe2
h6 9.Ne4 Nxe4 10.Qxe4 Nf6 11.Qe2 Qc7 12.Bd2 b6 13.O-O-O Bb7 14.Ne5 c5 15.
Bb5+ Ke7 16.dxc5 Qxc5 17.a3 Qc7 18.Bf4 Nd5 19.Bg3 Rhd8 20.Kb1 Kf8 21.Rd4 
a6 22.Rc4 Qe7 23.Nc6 Bxc6 24.Bxc6 Ra7 25.Bxd5 exd5 26.Qxe7+ Rxe7 27.Bxd6 
dxc4 28.Bxe7+ Kxe7 29.Re1+ Kf6 30.Kc1 g5 31.Re4 b5 32.h4 Rd5 33.hxg5+ hxg5
34.a4 Rd8 35.axb5 axb5 36.g4 Rd6 37.f4 gxf4 38.Rxf4+ Kg6 39.c3 Rf6 40.Rd4 
Kg5 41.Rd5+ Kxg4 42.Rxb5 Rc6 43.Kd2 f5 44.Ke2 Rh6 45.Kf2 f4 46.b3 Rh2+ 47.
Kg1 Rc2 48.bxc4 Kg3 49.Rg5+ Kf3 50.Rd5 Rc1+ 51.Kh2 Rxc3 52.c5 Kf2 53.Rd2+ 
Ke3 54.Ra2 Kf3 55.c6 Rxc6 56.Ra3+ Kg4 57.Kg2 Rc2+ 58.Kf1 Rb2 59.Kg1 f3 60.
Ra8 1/2-1/2

[Event "2nd American Continental"]
[Site "Buenos Aires ARG"]
[Date "2003.08.23"]
[Round "6"]
[White "Ferrara, Alexis"]
[Black "Delgado, Alberto"]
[Result "1-0"]
[WhiteElo "2210"]
[BlackElo "2310"]
[EventDate "2003.08.17"]
[PlyCount "129"]

1.d4 Nf6 2.c4 c5 3.d5 e6 4.Nc3 exd5 5.cxd5 d6 6.e4 g6 7.Nf3 Bg7 8.Qa4+ 
Nbd7 9.Be2 O-O 10.Qc2 Qe7 11.O-O Ne8 12.Bg5 f6 13.Bh4 a6 14.a4 b6 15.Nd2 
g5 16.Bg3 f5 17.f4 gxf4 18.Bxf4 Ne5 19.Rae1 Rb8 20.Nc4 Ng6 21.Bc1 f4 22.a5
b5 23.Nb6 Qh4 24.Nxc8 Rxc8 25.Qd3 Bd4+ 26.Kh1 Bf2 27.Bg4 Bg3 28.Bh3 Ne5 
29.hxg3 Qxh3+ 30.gxh3 Nxd3 31.Rd1 Nxc1 32.Rxc1 fxg3 33.Rxf8+ Kxf8 34.Ne2 
Nf6 35.Nxg3 Re8 36.Rf1 Ke7 37.Nf5+ Kd7 38.Nxd6 Nxe4 39.Nxe8 Ng3+ 40.Kg1 
Nxf1 41.Nf6+ Ke7 42.Ne4 Ne3 43.Nxc5 Kd6 44.Nxa6 Nxd5 45.b4 Ke5 46.Kf2 Kd6 
47.Kf3 Kc6 48.Ke4 Ne7 49.Nc5 Nc8 50.Ke5 Ne7 51.Nb3 Kb7 52.Nd4 Ka6 53.Ke6 
Ng6 54.Kf7 Ne5+ 55.Kf6 Nd3 56.Nc2 Kb7 57.Kg5 Kc6 58.Nd4+ Kb7 59.Nc2 Kc6 
60.Kh6 Kd5 61.Kxh7 Ne5 62.Na3 Nc6 63.a6 Na7 64.Kg7 Kd4 65.h4 1-0

[Event "2nd American Continental"]
[Site "Buenos Aires ARG"]
[Date "2003.08.23"]
[Round "6"]
[White "Fiorito, Fabian"]
[Black "Szmetan, Ricardo"]
[Result "0-1"]
[WhiteElo "2422"]
[BlackElo "2288"]
[EventDate "2003.08.17"]
[PlyCount "58"]

1.e4 g6 2.d4 c6 3.Nc3 d5 4.h3 Bg7 5.Nf3 Nh6 6.Bf4 f5 7.exd5 cxd5 8.Nb5 Na6
9.c4 Be6 10.Nc3 O-O 11.Qd2 Nf7 12.Be2 dxc4 13.d5 Bd7 14.Bxc4 Rc8 15.Be2 e5
16.dxe6 Bxe6 17.Nd4 Bc4 18.Bxc4 Rxc4 19.Be3 f4 20.Ne6 Qxd2+ 21.Kxd2 Bxc3+ 
22.bxc3 Rfc8 23.Bd4 Nd6 24.f3 Nb5 25.Rab1 Nxd4 26.Nxd4 Rxc3 27.Rxb7 Ra3 
28.Nb5 Rxa2+ 29.Kd3 Re8 0-1

[Event "2nd American Continental"]
[Site "Buenos Aires ARG"]
[Date "2003.08.23"]
[Round "6"]
[White "Flores, Diego"]
[Black "Felgaer, Ruben"]
[Result "0-1"]
[WhiteElo "2439"]
[BlackElo "2551"]
[EventDate "2003.08.17"]
[PlyCount "52"]

1.e4 c5 2.Nc3 Nc6 3.f4 g6 4.Nf3 Bg7 5.g3 e6 6.Bg2 Nge7 7.O-O O-O 8.d3 d6 
9.Be3 Nd4 10.e5 Bd7 11.Ne4 Nef5 12.Bf2 Nxf3+ 13.Qxf3 Bc6 14.c3 Rc8 15.Rad1
b6 16.d4 d5 17.Nd2 cxd4 18.cxd4 f6 19.g4 Nxd4 20.Bxd4 fxe5 21.Bc3 d4 22.
Ne4 Rxf4 23.Qe2 Bxe4 24.Bxe4 Rxf1+ 25.Qxf1 Qg5 26.Bb4 Qe3+ 0-1

[Event "2nd American Continental"]
[Site "Buenos Aires ARG"]
[Date "2003.08.23"]
[Round "6"]
[White "Franco Ocampos, Zenon"]
[Black "Needleman, Alejandro"]
[Result "1-0"]
[WhiteElo "2520"]
[BlackElo "2434"]
[EventDate "2003.08.17"]
[PlyCount "43"]

1.c4 e5 2.g3 Nf6 3.Bg2 d5 4.cxd5 Nxd5 5.Nf3 Nc6 6.O-O Be7 7.d4 exd4 8.Nxd4
Nxd4 9.Qxd4 Nb4 10.Qxg7 Bf6 11.Qh6 Nc2 12.Nc3 Nxa1 13.Rd1 Bd7 14.Nd5 Be7 
15.Qg7 Rf8 16.Bh6 f6 17.Bf3 Bf5 18.Bh5+ Bg6 19.Bxg6+ hxg6 20.Qxg6+ Kd7 21.
Nxf6+ Kc6 22.Qe4+ 1-0

[Event "2nd American Continental"]
[Site "Buenos Aires ARG"]
[Date "2003.08.23"]
[Round "6"]
[White "Giardelli, Sergio Carlos"]
[Black "Whatley, Andrew"]
[Result "1-0"]
[WhiteElo "2437"]
[BlackElo "2323"]
[EventDate "2003.08.17"]
[PlyCount "87"]

1.c4 Nf6 2.Nf3 c6 3.e3 d5 4.Nc3 Nbd7 5.Qc2 e6 6.b3 Bd6 7.Bb2 O-O 8.Be2 a6 
9.d4 e5 10.cxd5 cxd5 11.dxe5 Nxe5 12.Rd1 Qc7 13.h3 Be6 14.O-O Rac8 15.Qb1 
b5 16.Qa1 Rfd8 17.Rc1 Qd7 18.Nb1 Nxf3+ 19.Bxf3 Ne8 20.Nd2 f6 21.Rfd1 Qf7 
22.Nf1 Ra8 23.Rd2 a5 24.Bd4 a4 25.Qb2 Rdb8 26.b4 Rd8 27.a3 Bf8 28.Bc5 Nd6 
29.Bxd6 Bxd6 30.Rc6 Be5 31.Qa2 Kf8 32.Rxe6 Qxe6 33.Bxd5 Rxd5 34.Rxd5 Ra6 
35.Qd2 Rd6 36.e4 f5 37.f4 fxe4 38.Rxe5 Rxd2 39.Rxe6 Rd3 40.Rxe4 Rxa3 41.
Re5 Rb3 42.Rxb5 a3 43.Ra5 Rxb4 44.Rxa3 1-0

[Event "2nd American Continental"]
[Site "Buenos Aires ARG"]
[Date "2003.08.23"]
[Round "6"]
[White "Gomez Baillo, Jorge"]
[Black "Burgos, Carlos"]
[Result "1/2-1/2"]
[WhiteElo "2429"]
[BlackElo "2335"]
[EventDate "2003.08.17"]
[PlyCount "79"]

1.e4 e6 2.d3 d5 3.Nd2 dxe4 4.dxe4 Bc5 5.Ngf3 Nf6 6.Bd3 Nc6 7.O-O Ng4 8.Qe2
e5 9.c3 a6 10.b4 Ba7 11.a4 Qf6 12.Nc4 Be6 13.Rb1 Nd8 14.b5 axb5 15.axb5 
Bc5 16.Ng5 h6 17.h3 Bd7 18.Qf3 Qg6 19.Qe2 f6 20.Nf3 Ne6 21.Nh4 Qh7 22.g3 
Ng5 23.Bxg5 fxg5 24.Nf5 g6 25.Nfe3 Nxe3 26.fxe3 Qe7 27.Qg2 g4 28.h4 g5 29.
hxg5 Qxg5 30.Qf2 Rf8 31.Qe2 h5 32.Rxf8+ Kxf8 33.Re1 h4 34.gxh4 Qxh4 35.
Qf2+ Qxf2+ 36.Kxf2 Ra2+ 37.Kg3 Ke7 38.Rh1 Bxb5 39.Rh7+ Kf6 40.Rxc7 1/2-1/2

[Event "2nd American Continental"]
[Site "Buenos Aires ARG"]
[Date "2003.08.23"]
[Round "6"]
[White "Jorge, Cristian"]
[Black "Cruz Condori, Alfredo"]
[Result "1-0"]
[WhiteElo "2148"]
[BlackElo "2244"]
[EventDate "2003.08.17"]
[PlyCount "57"]

1.e4 c5 2.Nf3 Nc6 3.c3 d5 4.exd5 Qxd5 5.d4 Bg4 6.Be2 cxd4 7.cxd4 e5 8.Nc3 
Bb4 9.O-O Bxc3 10.bxc3 exd4 11.Nxd4 h5 12.Bxg4 hxg4 13.Re1+ Nce7 14.Qxg4 
Nf6 15.Qe2 O-O-O 16.Bf4 Ng6 17.Bg3 Nh4 18.f3 Ng6 19.Rab1 a6 20.Rb4 Rd7 21.
Qxa6 Rc7 22.Qa8+ Kd7 23.Qa4+ Kc8 24.Bxc7 Kxc7 25.Nb5+ Kb6 26.Qa7+ Kc6 27.
Nd4+ Kc7 28.Rb5 Qd6 29.Qxb7+ 1-0